English Pronunciation In Use (elementary) (Record no. 38501)

MARC details
000 -LEADER
fixed length control field 00498nam a2200193Ia 4500
008 - FIXED-LENGTH DATA ELEMENTS--GENERAL INFORMATION
fixed length control field 220531s9999 xx 000 0 und d
041 ## - LANGUAGE CODE
Language code of text/sound track or separate title eng
082 ## - DEWEY DECIMAL CLASSIFICATION NUMBER
Classification number -
Item number MAR
100 ## - MAIN ENTRY--PERSONAL NAME
Personal name Marks, J.
9 (RLIN) 68539
245 ## - TITLE STATEMENT
Title English Pronunciation In Use (elementary)
250 ## - EDITION STATEMENT
Edition statement 1ST
260 ## - PUBLICATION, DISTRIBUTION, ETC. (IMPRINT)
Place of publication, distribution, etc. New Delhi
Name of publisher, distributor, etc. Cambridge University Press
Date of publication, distribution, etc. 2014
300 ## - PHYSICAL DESCRIPTION
Extent 166
542 ## - INFORMATION RELATING TO COPYRIGHT STATUS
Copyright holder 11-06-2015
551 ## -
-- English
-- Ugc-ENG
650 ## - SUBJECT ADDED ENTRY--TOPICAL TERM
Topical term or geographic name as entry element Pronunciation
9 (RLIN) 68540
906 ## - LOCAL DATA ELEMENT F, LDF (RLIN)
d 2015-2016
Holdings
Withdrawn status Lost status Source of classification or shelving scheme Damaged status Not for loan Collection code Home library Current library Date acquired Vendor Cost, normal purchase price Total Checkouts Total Holds Full call number Barcode Date last seen Bill Date Koha item type Original Barcode
    Dewey Decimal Classification       Shri Siddhivinayak Mahila Mahavidyalaya Shri Siddhivinayak Mahila Mahavidyalaya 04/07/2015 Pritam 545.00   1 -/MAR/B/19869 SSMM-BK-19869 06/08/2022 06/08/2022 Books 010019869